| 000 | 00652nam a2200193 i 4500 | ||
|---|---|---|---|
| 001 | 127145 | ||
| 003 | ES-MaACL | ||
| 005 | 20260315173039.0 | ||
| 007 | t| | ||
| 008 | 070214s1973 sp r ||||1| spa d | ||
| 100 | 1 |
_aRicart Torrens, José. _996866 |
|
| 245 | 1 | 3 |
_aUn obispo de antes del Concilio _b: Don Manuel Irurita Almándoz / _cJosé Ricart Torrens ; prólogo de Rafael Gambra. |
| 260 |
_aMadrid : _bReligión y Patria, _c1973. |
||
| 300 |
_a356 p., 9 lám. ; _c21 cm. |
||
| 600 | 1 | 7 |
_aIrurita y Almandoz, Manuel, _d1876-1936 _2 _9169058 |
| 700 | 1 |
_aGambra, Rafael. _953775 |
|
| 852 |
_aES-MaACL _jC-54817 _bR.87410 |
||
| 999 |
_c127145 _d127145 |
||